Doa ajaran Rasul

Bibliographic Details
Main Author: Anis Masykhur
Format: Book
Published: Selangor : PTS Islamika , 2009
Subjects:

MARC

LEADER 00000cam a2200000 7i4500
001 0000029213
005 20100406.0
008 100406
020 |a 9675137280 
090 0 0 |a 297.382   |b ANI 
100 0 |a Anis Masykhur 
245 1 0 |a Doa ajaran Rasul   |c Anis Masykhur 
260 |a Selangor :   |b PTS Islamika ,   |c 2009 
650 0 |a Islam   |x Prayers and devotions 
650 0 |a Prayers   |x Islam 
999 |a 0001065925   |b Book   |c Adult Collection   |e Cawangan Bukit Gambir 
999 |a 0001066229   |b Book   |c Adult Collection   |e Cawangan Bandar Tenggara 
999 |a 0001066617   |b Book   |c Adult Collection   |e Cawangan Mersing 
999 |a 0001066938   |b Book   |c Adult Collection   |e Perbadanan Perpustakaan Awam Johor 
999 |a 0001068955   |b Book   |c Adult Collection   |e Perbadanan Perpustakaan Awam Johor